Statistics for Artists That Have Worked with Juicy J

Click here to take the quiz!

General Stats

  • This quiz has been taken 2 times
  • The average score is 12 of 81

Answer Stats

Artist% Correct
Gucci Mane
100%
Kanye West
100%
Young Thug
100%
2 Chainz
50%
Big Sean
50%
Denzel Curry
50%
DJ Paul
50%
French Montana
50%
Katy Perry
50%
Lil Bibby
50%
Lil Wayne
50%
Nicki Minaj
50%
NLE Choppa
50%
Offset
50%
Swae Lee
50%
The Weeknd
50%
Travis Scott
50%
Trey Songz
50%
Usher
50%
Wale
50%
ASAP Mob
0%
ASAP Rocky
0%
August Alsina
0%
Beatking
0%
Becky G
0%
Belly
0%
Berner
0%
Blackbear
0%
Cardi B
0%
Chevy Woods
0%
Chip Tha Rippa
0%
Chris Brown
0%
Conway the Machine
0%
Crunchy Black
0%
Duke Deuce
0%
E-40
0%
Eptic
0%
Future
0%
Gangsta Boo
0%
G-Eazy
0%
Henry AZ
0%
Jay Rock
0%
Kaash Paige
0%
K. Camp
0%
Kesha
0%
Keyglock
0%
Killuminati
0%
Kreayshawn
0%
La Chat
0%
Lil Baby
0%
Lil Debbie
0%
Lil Peep
0%
Lil Skies
0%
Logic
0%
Lola Monroe
0%
Lord Infamous
0%
Machine Gun Kelly
0%
Marshmello
0%
Megan Thee Stallion
0%
Mike Will Made-It
0%
Miley Cyrus
0%
Peewee Longway
0%
PnB Rock
0%
Pooh Shiesty
0%
Project Pat
0%
Rae Sremmurd
0%
Rick Ross
0%
Rico Nasty
0%
Robin Thicke
0%
Slim Jxmmi
0%
Snoop Dogg
0%
Tha
0%
T-Pain
0%
Trey Drizzle
0%
Ty Dolla Sign
0%
Wiz Khalifa
0%
Xavier Wulf
0%
Yelawolf
0%
Yellow Claw
0%
Young Dolph
0%
Yung Gravy
0%

Score Distribution

Percentile by Number Answered

Percent of People with Each Score

Your Score History

You have not taken this quiz